[Event "AUTO-ADV-2143"]
[Site "http://www.queenalice.com/game.php?id=932171"]
[Date "2011.4.30"]
[Round "1"]
[White "jpolgar99"]
[Black "Hakkinen"]
[Result "1/2-1/2"]
[WhiteElo "1747"]
[BlackElo "1741"]

1. e4 e5 2. Nf3 Nc6 3. Bb5 d6 4. O-O Bd7 5. c3 Nf6 6. Re1 Be7 7. d4 exd4 8. cxd4
O-O 9. Nc3 Bg4 10. h3 Bh5 11. Bg5 Bxf3 12. Qxf3 Nxd4 13. Qd3 Nxb5 14. Qxb5 b6
15. Rad1 h6 16. Bh4 Re8 17. e5 Nh7 18. Bxe7 Rxe7 19. exd6 Rxe1+ 20. Rxe1 Qxd6
21. Rd1 Qe6 22. Rd7 Qe1+ 23. Kh2 Qxf2 24. Qc6 Qf4+ 25. Kh1 Re8 26. Rd1 Rf8 27.
Rd7 Nf6 28. Qxc7 Qxc7 29. Rxc7 Ra8 30. g4 Ne8 31. Rd7 g6 32. Kg2 Nf6 33. Re7 Kf8
34. Rc7 h5 35. gxh5 Nxh5 36. Kf3 Ng7 37. Nd5 Ne6 38. Rb7 Nc5 39. Rc7 Nd3 40. b3
Nc5 41. Ke3 Ne6 42. Rd7 1/2-1/2

[Event "AUTO-ADV-2143"]
[Site "http://www.queenalice.com/game.php?id=932172"]
[Date "2011.4.30"]
[Round "1"]
[White "Hakkinen"]
[Black "carlosfed"]
[Result "0-1"]
[WhiteElo "1726"]
[BlackElo "1886"]

1. d4 d5 2. c4 dxc4 3. Nc3 e6 4. e4 Nc6 5. Nf3 Na5 6. Qa4+ c6 7. Bd2 b5 8. Qc2
Nf6 9. Be2 Be7 10. O-O Nb7 11. Ne5 Qc7 12. Bf4 Bd6 13. Rad1 O-O 14. a3 Nd7 15.
Nxd7 Bxd7 16. e5 Be7 17. Ne4 Qd8 18. Rfe1 f5 19. Ng3 Bg5 20. Bxg5 Qxg5 21. Bf3
Na5 22. Re3 Qh6 23. Nh5 Be8 24. Qe2 f4 25. Rc3 Rf5 26. Nxg7 Kxg7 27. Be4 Rh5 28.
Qg4+ Rg5 29. Qe2 Bh5 30. Bf3 Rg8 0-1

[Event "AUTO-ADV-2143"]
[Site "http://www.queenalice.com/game.php?id=932173"]
[Date "2011.4.30"]
[Round "1"]
[White "carlosfed"]
[Black "Hakkinen"]
[Result "1/2-1/2"]
[WhiteElo "1896"]
[BlackElo "1716"]

1. e4 c5 2. c4 d6 3. d4 cxd4 4. Qxd4 Nc6 5. Qd1 Nf6 6. Bd3 g6 7. h3 Bg7 8. Nc3
O-O 9. Nf3 b6 10. a3 Bb7 11. Be3 Nd7 12. Qd2 Nce5 13. Nxe5 Nxe5 14. Be2 Rc8 15.
b3 Nc6 16. Rc1 Na5 17. Bd1 Bxc3 18. Qxc3 Bxe4 19. Bh6 f6 20. Bxf8 Kxf8 21. Bf3
Bxf3 22. Qxf3 b5 23. Qd3 bxc4 24. bxc4 Nc6 25. O-O Ne5 26. Qd4 Qa5 27. Rc3 Nc6
28. Qe3 Ne5 29. Rfc1 Nd7 30. Qe6 Nb6 31. g4 Rc5 32. f4 Na4 33. Re3 Qc7 34. g5
Rf5 35. gxf6 Rxf6 36. Qe4 Nc5 37. Qa8+ Kg7 38. Rce1 Rf7 39. Qe8 Qb6 40. Kh2 Qb2+
41. R1e2 Qf6 42. Rf3 Na6 43. Qc8 Nc5 44. Qg4 h5 45. Qg1 Ne6 46. Re4 Nc5 47. Re2
Ne6 48. Re4 Nc5 49. Re2 1/2-1/2

[Event "AUTO-ADV-2234"]
[Site "http://www.queenalice.com/game.php?id=966709"]
[Date "2011.7.30"]
[Round "1"]
[White "Hakkinen"]
[Black "arthurgomes"]
[Result "1-0"]
[WhiteElo "1746"]
[BlackElo "1841"]

1. d4 d5 2. Nf3 Bf5 3. Nc3 Nf6 4. Bf4 Nc6 5. e3 Nb4 6. Bd3 Nxd3+ 7. cxd3 e6 8.
O-O Bd6 9. Bxd6 Qxd6 10. Ne5 a6 11. Qa4+ c6 12. Qb3 b5 13. Rad1 O-O 14. f3 h6
15. e4 Bh7 16. Nxf7 Rxf7 17. e5 Qd7 18. exf6 Rxf6 19. Ne2 a5 20. Ng3 Bg6 21.
Rde1 a4 22. Qd1 Rf4 23. Re3 Rxd4 24. Rfe1 Re8 25. Ne2 Rh4 26. f4 Bf5 27. g3 Rh3
28. Nd4 g6 29. R1e2 c5 30. Nxf5 gxf5 31. Rc2 Qd6 32. Qf1 Rh5 33. h4 Re7 34. Qf3
Rxh4 35. gxh4 d4 36. Rg2+ Kh8 37. Qa8+ Kh7 38. Qg8# 1-0

[Event "AUTO-ADV-2234"]
[Site "http://www.queenalice.com/game.php?id=966710"]
[Date "2011.7.30"]
[Round "1"]
[White "arthurgomes"]
[Black "Hakkinen"]
[Result "1-0"]
[WhiteElo "1831"]
[BlackElo "1759"]

1. e4 c5 2. Bc4 Nc6 3. Nf3 d6 4. h3 Nf6 5. Nc3 g6 6. O-O Bg7 7. a4 b6 8. Ng5 O-O
9. d3 Bb7 10. Nd5 Ne5 11. Nf3 Nxc4 12. dxc4 Nxe4 13. Re1 Bxd5 14. cxd5 Nf6 15.
c4 Re8 16. Rb1 Nd7 17. Bg5 Bf6 18. b3 Bxg5 19. Nxg5 Nf8 20. Ne4 e6 21. Qf3 Nd7
22. Nxd6 Re7 23. dxe6 Nb8 24. Nxf7 Qf8 25. Qxa8 1-0

[Event "AUTO-ADV-2234"]
[Site "http://www.queenalice.com/game.php?id=966711"]
[Date "2011.7.30"]
[Round "1"]
[White "Hakkinen"]
[Black "alesson"]
[Result "1-0"]
[WhiteElo "1767"]
[BlackElo "1630"]

1. d4 c5 2. dxc5 Qa5+ 3. Nc3 Qxc5 4. Nf3 Nf6 5. e3 e6 6. Be2 Bd6 7. Nd2 Nc6 8.
Nb3 Qg5 9. Bf3 Bb4 10. Bd2 O-O 11. Qe2 a6 12. O-O-O d5 13. h4 Qh6 14. g4 g5 15.
hxg5 Qxg5 16. e4 Qe5 17. Qe3 d4 18. Qg5+ Qxg5 19. Bxg5 dxc3 20. Bxf6 cxb2+ 21.
Bxb2 1-0

[Event "AUTO-ADV-2234"]
[Site "http://www.queenalice.com/game.php?id=966712"]
[Date "2011.7.30"]
[Round "1"]
[White "alesson"]
[Black "Hakkinen"]
[Result "0-1"]
[WhiteElo "1641"]
[BlackElo "1756"]

1. e4 c5 2. Qh5 Nf6 3. Qxc5 Nc6 4. d3 e5 5. Qb5 Nd4 6. Qxe5+ Ne6 7. g3 d6 8.
Qb5+ Nd7 9. Nf3 Be7 10. Bh3 a6 11. Qb3 O-O 12. O-O Ndc5 13. Qc3 Bf6 14. Bxe6
Bxc3 15. Bxc8 Qxc8 16. Nxc3 Ne6 17. Be3 b5 18. a4 Nc5 19. axb5 axb5 20. Nxb5
Rxa1 21. Rxa1 Rd8 0-1

[Event "AUTO-ADV-2234"]
[Site "http://www.queenalice.com/game.php?id=966713"]
[Date "2011.7.30"]
[Round "1"]
[White "Hakkinen"]
[Black "jiujitsubr"]
[Result "0-1"]
[WhiteElo "1754"]
[BlackElo "1866"]

1. d4 Nf6 2. c4 g6 3. Nc3 Bg7 4. e4 d6 5. Nf3 c6 6. Be2 O-O 7. O-O Nbd7 8. Be3
Qc7 9. d5 e5 10. Qd2 Ng4 11. Bg5 h6 12. Bh4 g5 13. Bg3 a5 14. Nxg5 Ngf6 15. Nh3
Nc5 16. Kh1 Nfxe4 17. Nxe4 Nxe4 18. Qd3 Nxg3+ 19. fxg3 Bxh3 20. gxh3 Qd7 21. Bg4
Qe7 22. Rae1 cxd5 23. Qxd5 b6 24. b3 Rad8 25. Qe4 Qg5 26. Rf5 Qd2 27. Re2 Qb4
28. Kg2 a4 29. bxa4 Qxa4 30. Bf3 Rc8 31. Rc2 Rc5 32. Qg4 Qxc2+ 0-1

[Event "AUTO-ADV-2234"]
[Site "http://www.queenalice.com/game.php?id=966714"]
[Date "2011.7.30"]
[Round "1"]
[White "jiujitsubr"]
[Black "Hakkinen"]
[Result "1-0"]
[WhiteElo "1854"]
[BlackElo "1766"]

1. d4 d5 2. c4 e6 3. Nc3 Nf6 4. e3 Bb4 5. Bd3 O-O 6. Ne2 Nc6 7. O-O Ne7 8. Qc2
dxc4 9. Bxc4 b6 10. f3 Bb7 11. e4 c5 12. dxc5 Bxc5+ 13. Kh1 Ng6 14. a3 a5 15.
Na4 Qc7 16. Nxc5 Qxc5 17. a4 Ba6 18. b3 Ne5 19. Ba3 Qc8 20. Bxf8 Kxf8 21. Rac1
Qb7 22. Nd4 Rc8 23. Nb5 Ne8 24. Qd2 Nc6 25. Rfd1 Ne5 26. Nd6 Nxd6 27. Qxd6+ 1-0

[Event "AUTO-INT-2020"]
[Site "http://www.queenalice.com/game.php?id=970128"]
[Date "2011.8.8"]
[Round "2"]
[White "Hakkinen"]
[Black "marcosbratz"]
[Result "1-0"]
[WhiteElo "1778"]
[BlackElo "1814"]

1. d4 Nf6 2. c4 g6 3. Nc3 Bg7 4. e4 d6 5. Nf3 Bg4 6. Be2 O-O 7. O-O c6 8. Bg5 e5
9. dxe5 dxe5 10. Nxe5 Qxd1 11. Bxd1 Bxd1 12. Raxd1 Na6 13. Bxf6 Bxf6 14. Nd7
Bxc3 15. Nxf8 Bxb2 16. Nd7 Kg7 17. Rb1 Bd4 18. Rxb7 Nc5 19. Nxc5 Bxc5 20. Rc7
Re8 21. Rxc6 Bd4 22. Re1 h5 23. g3 a5 24. Ra6 Kh7 25. Re2 Bc3 26. c5 f5 27. c6
fxe4 28. Rc2 Be5 29. Rxa5 Bd6 30. Ra7+ Kh6 31. Rd7 Be5 32. a4 Ra8 33. Ra2 Rc8
34. Rc2 Bd4 35. Rxd4 1-0

[Event "AUTO-INT-2020"]
[Site "http://www.queenalice.com/game.php?id=970129"]
[Date "2011.8.8"]
[Round "2"]
[White "marcosbratz"]
[Black "Hakkinen"]
[Result "0-1"]
[WhiteElo "1797"]
[BlackElo "1795"]

1. e4 e5 2. Nf3 Nc6 3. Bb5 d6 4. Bxc6+ bxc6 5. O-O Nf6 6. d3 Bg4 7. Bg5 Be7 8.
h3 Bd7 9. Re1 O-O 10. Bxf6 Bxf6 11. Nc3 Qc8 12. a4 Rb8 13. b3 d5 14. exd5 e4 15.
Nxe4 Bxa1 16. Qxa1 cxd5 17. Nc5 h6 18. Nxd7 Qxd7 19. Ne5 Qd6 20. Qd4 Rbe8 21.
Re3 c5 22. Qf4 f6 23. Ng6 Qxf4 24. Nxf4 Rxe3 25. fxe3 Rd8 26. Ne6 Rc8 27. c4
dxc4 28. bxc4 Kf7 29. Nf4 Rb8 30. Kf2 Rb4 31. a5 Ra4 32. g4 Rxa5 33. Kf3 Ra1 34.
Kf2 a5 35. d4 a4 36. d5 a3 0-1

[Event "AUTO-ADV-2278"]
[Site "http://www.queenalice.com/game.php?id=985501"]
[Date "2011.9.15"]
[Round "1"]
[White "IronButterfly"]
[Black "Hakkinen"]
[Result "1-0"]
[WhiteElo "1970"]
[BlackElo "1811"]

1. e4 e5 2. Nf3 Nc6 3. Bc4 Bc5 4. c3 d6 5. b4 Bb6 6. a4 a6 7. a5 Ba7 8. d3 Nf6
9. O-O Bg4 10. h3 Bh5 11. Na3 O-O 12. Nc2 b5 13. axb6 Bxb6 14. Bxa6 h6 15. b5
Ne7 16. c4 Bg6 17. Nh4 Bh7 18. Bb2 Nd7 19. d4 Bxe4 20. Re1 d5 21. c5 Ba7 22. Bb7
exd4 23. Qxd4 f6 24. Bxa8 1-0

[Event "AUTO-ADV-2278"]
[Site "http://www.queenalice.com/game.php?id=985502"]
[Date "2011.9.15"]
[Round "1"]
[White "Hakkinen"]
[Black "IronButterfly"]
[Result "0-1"]
[WhiteElo "1811"]
[BlackElo "2001"]

1. d4 d5 2. c4 e6 3. Nc3 Nf6 4. Nf3 c6 5. cxd5 cxd5 6. Bg5 Bd6 7. e3 Nc6 8. Bb5
O-O 9. a3 a6 10. Bd3 b5 11. b4 e5 12. dxe5 Bxe5 13. Nxe5 Nxe5 14. Bxf6 Qxf6 15.
O-O Be6 16. Bc2 Rad8 17. Ne2 Nc6 18. Nf4 d4 19. Nxe6 Qxe6 20. Bb3 Qf5 21. exd4
Nxd4 22. Qb1 Qg5 23. Bd1 h5 24. Qb2 h4 25. h3 Ne6 26. Bg4 f5 27. Bf3 Nd4 28. Qc3
Qf6 29. Rfe1 Ne2+ 0-1

[Event "AUTO-ADV-2278"]
[Site "http://www.queenalice.com/game.php?id=985513"]
[Date "2011.9.15"]
[Round "1"]
[White "luizpessoa"]
[Black "Hakkinen"]
[Result "0-1"]
[WhiteElo "1791"]
[BlackElo "1798"]

1. d4 d5 2. g3 Nc6 3. Bf4 Nf6 4. Nc3 g6 5. e3 Bg7 6. Nb5 O-O 7. Nxc7 Nh5 8. Nxa8
Nxf4 9. exf4 Bd7 10. c3 Qxa8 11. Bb5 Qc8 12. h3 a6 13. Bxc6 Bxc6 14. f3 Re8 15.
Ne2 Bd7 16. g4 f6 17. Qd2 Bb5 18. O-O-O Qc7 19. a3 Qc4 20. Kb1 Qxe2 21. Qxe2
Bxe2 22. Rde1 Bxf3 23. Rhg1 Be4+ 24. Ka2 e6 25. c4 Bf8 26. f5 exf5 27. cxd5
Bxd5+ 28. Ka1 Rxe1+ 29. Rxe1 fxg4 30. hxg4 Kf7 31. Rc1 Bd6 32. Rc8 Bf3 33. g5
fxg5 34. Rd8 Be7 35. Rd7 Ke6 36. Rc7 g4 37. Rc1 h5 38. b4 h4 39. Rc2 h3 40. Rf2
Bd6 41. Kb1 h2 0-1

[Event "AUTO-ADV-2278"]
[Site "http://www.queenalice.com/game.php?id=985514"]
[Date "2011.9.15"]
[Round "1"]
[White "Hakkinen"]
[Black "luizpessoa"]
[Result "1-0"]
[WhiteElo "1814"]
[BlackElo "1750"]

1. d4 b6 2. e4 Bb7 3. Nc3 e6 4. Nf3 h6 5. Be2 Bb4 6. Bd2 d5 7. e5 Ne7 8. O-O c5
9. Nb5 Bxd2 10. Nd6+ Kf8 11. Nxb7 Qc7 12. Nxc5 bxc5 13. Qxd2 c4 14. Rfc1 Nf5 15.
b3 c3 16. Qd3 Ke7 17. Qb5 Rd8 18. Qb4+ Ke8 19. Bb5+ Nc6 20. Qxc3 Rdc8 21. Qxc6+
Qxc6 22. Bxc6+ Ke7 23. Bxa8 Rxa8 24. c4 dxc4 25. bxc4 g5 26. g4 Ng7 27. c5 Ne8
28. Rab1 Kf8 29. Rb7 a5 30. c6 Rc8 31. c7 Ke7 32. Rb8 Rxc7 33. Rxc7+ Nxc7 34.
Rb7 Kd8 35. Rxc7 Kxc7 36. a4 Kd7 37. Kf1 Ke7 38. Ke2 f6 39. exf6+ Kxf6 40. Ne5
Kg7 41. Nc6 Kf7 42. Nxa5 Ke7 43. Nc6+ Kd6 44. Ne5 Kc7 45. Nf7 Kb6 46. Nxh6 Ka5
47. Nf7 Kxa4 48. Nxg5 Kb4 49. Nxe6 Kc4 50. f4 Kd5 51. f5 1-0

[Event "AUTO-ADV-2278"]
[Site "http://www.queenalice.com/game.php?id=985521"]
[Date "2011.9.15"]
[Round "1"]
[White "Hakkinen"]
[Black "Canaye"]
[Result "1-0"]
[WhiteElo "1827"]
[BlackElo "1918"]

1. d4 e6 2. Nf3 d5 3. Bf4 c5 4. e3 c4 5. Be2 Nc6 6. O-O Nf6 7. b3 b5 8. bxc4
bxc4 9. c3 Nh5 10. Re1 Nxf4 11. exf4 Bd6 12. g3 h5 13. Ne5 Qc7 14. a4 h4 15. Na3
hxg3 16. fxg3 Ne7 17. Nb5 Qd8 18. Rb1 a6 19. Nxd6+ Qxd6 20. a5 Nf5 21. Bg4 Nh6
22. Rb6 Qa3 23. Qa1 Qxa1 24. Rxa1 Nxg4 25. Nxg4 Bd7 26. Ne5 Bb5 27. Rb1 O-O 28.
Nc6 g6 29. Kg2 Bxc6 30. Rxc6 Rfc8 31. Rxc8+ Rxc8 32. Rb6 Ra8 33. Kf3 Kg7 34. h4
Kf6 35. Kg4 Ra7 36. Rc6 Ke7 37. Kg5 Kd7 38. Rb6 Ke8 39. Kf6 Kd8 40. g4 Ke8 41.
h5 gxh5 42. gxh5 Ra8 43. h6 Kd7 44. Rb7+ Kc6 45. Rxf7 Kb5 46. Kg7 Kxa5 47. Rb7
Rc8 48. h7 1-0

[Event "AUTO-ADV-2278"]
[Site "http://www.queenalice.com/game.php?id=985522"]
[Date "2011.9.15"]
[Round "1"]
[White "Canaye"]
[Black "Hakkinen"]
[Result "1-0"]
[WhiteElo "1890"]
[BlackElo "1811"]

1. d4 d5 2. c4 e6 3. cxd5 exd5 4. Nc3 Nf6 5. h3 Bb4 6. Qc2 Nc6 7. Nf3 h6 8. a3
Bd6 9. e3 Ne7 10. Nb5 c6 11. Nxd6+ Qxd6 12. Bd3 Be6 13. O-O O-O-O 14. b4 Kb8 15.
Bd2 g5 16. Ne5 Nd7 17. Nxd7+ Qxd7 18. f4 gxf4 19. Rxf4 Rhg8 20. Rh4 Nf5 21. Bxf5
Bxf5 22. Qb3 Rg6 23. g4 Bxg4 24. hxg4 Rxg4+ 25. Rxg4 Qxg4+ 26. Kf2 Qh4+ 27. Ke2
Rg8 28. Kd3 Qe4+ 29. Kc3 Rg3 30. Kb2 Rg2 31. Qc2 Qf3 32. Kc3 Qe2 33. Re1 Qc4+
34. Kb2 Qa6 35. e4 Rg3 36. Bf4+ 1-0

[Event "AUTO-OPEN-2522"]
[Site "http://www.queenalice.com/game.php?id=1001257"]
[Date "2011.10.24"]
[Round "1"]
[White "Hakkinen"]
[Black "lanzy"]
[Result "1-0"]
[WhiteElo "1849"]
[BlackElo "1434"]

1. d4 d5 2. c4 dxc4 3. Nc3 e6 4. Bf4 Bb4 5. e4 Ne7 6. Bxc4 Nbc6 7. d5 Bxc3+ 8.
bxc3 exd5 9. exd5 Na5 10. Bb5+ c6 11. dxc6 Qxd1+ 12. Rxd1 1-0

[Event "AUTO-OPEN-2522"]
[Site "http://www.queenalice.com/game.php?id=1001258"]
[Date "2011.10.24"]
[Round "1"]
[White "lanzy"]
[Black "Hakkinen"]
[Result "0-1"]
[WhiteElo "1434"]
[BlackElo "1847"]

1. e4 e5 2. Nf3 Nc6 3. d4 exd4 4. Nxd4 Nge7 5. Nxc6 Nxc6 6. Nc3 Bb4 7. Bd2 O-O
8. a3 Bc5 9. b4 Bd4 10. Qg4 Qf6 11. O-O-O Bxc3 0-1

[Event "AUTO-OPEN-2522"]
[Site "http://www.queenalice.com/game.php?id=1001259"]
[Date "2011.10.24"]
[Round "1"]
[White "Hakkinen"]
[Black "Paulsains"]
[Result "1-0"]
[WhiteElo "1838"]
[BlackElo "1910"]

1. d4 Nf6 2. c4 g6 3. Nc3 Bg7 4. Nf3 O-O 5. e4 d6 6. Be2 Nc6 7. O-O e5 8. d5 Ne7
9. Bg5 c6 10. h3 cxd5 11. cxd5 Re8 12. Nh2 Qb6 13. Qc2 h6 14. Be3 Qd8 15. Qd2
Kh7 16. Rac1 Nfg8 17. Nb5 Rf8 18. Nc7 Bd7 19. Nxa8 Qxa8 20. Rc7 Rd8 21. Rfc1 Nf6
22. Qb4 Nexd5 23. exd5 Nxd5 24. Qxb7 Nxc7 25. Rxc7 Be6 26. Qxa7 Bxa2 27. Qxa8
Rxa8 28. b4 Rb8 29. b5 Bd5 30. Ba7 Rb7 31. Rxb7 Bxb7 32. Nf3 e4 33. Nd2 Be5 34.
Nc4 f5 35. Bb8 Kg8 36. Bxd6 Bd4 37. Bc7 Bd5 38. b6 Kf7 39. Na5 Bxb6 40. Bxb6 Ke6
41. Bc4 Bxc4 42. Nxc4 Kd5 43. Nd2 h5 44. Bd8 Kd4 45. Bg5 Kd3 46. g3 Ke2 47. h4
Ke1 48. Nc4 Ke2 49. Ne5 1-0

[Event "AUTO-OPEN-2522"]
[Site "http://www.queenalice.com/game.php?id=1001260"]
[Date "2011.10.24"]
[Round "1"]
[White "Paulsains"]
[Black "Hakkinen"]
[Result "1-0"]
[WhiteElo "1930"]
[BlackElo "1851"]

1. e4 c5 2. Nf3 d6 3. Bb5+ Bd7 4. Bxd7+ Nxd7 5. O-O Ngf6 6. d3 g6 7. b3 Bg7 8.
Bb2 O-O 9. Re1 Nh5 10. Bxg7 Nxg7 11. Nc3 Nf6 12. h3 Ne6 13. Qd2 a6 14. e5 dxe5
15. Nxe5 Qd4 16. Nf3 Qd8 17. Ng5 Nd4 18. Ne2 Nxe2+ 19. Qxe2 e6 20. Rad1 Nd5 21.
Qd2 b5 22. Ne4 Qb8 23. c4 Ne7 24. Qc3 b4 25. Qb2 f5 26. Nf6+ Kf7 27. Nd7 Qd6 28.
Qf6+ Kg8 29. Nxf8 Rxf8 30. Qxe6+ 1-0

[Event "AUTO-OPEN-2522"]
[Site "http://www.queenalice.com/game.php?id=1001261"]
[Date "2011.10.24"]
[Round "1"]
[White "Hakkinen"]
[Black "yvanalfieri"]
[Result "1-0"]
[WhiteElo "1857"]
[BlackElo "1241"]

1. e4 c5 2. Nf3 e6 3. d4 cxd4 4. Nxd4 Nf6 5. Nc3 Nc6 6. Bg5 Be7 7. Be2 d6 8. O-O
O-O 9. Nb3 a6 10. Re1 b5 11. Nd2 Bb7 12. Nf3 h6 13. Bh4 Rc8 14. Qd2 Qc7 15. Bd3
Nb4 16. a3 Nxd3 17. Qxd3 1-0

[Event "AUTO-OPEN-2522"]
[Site "http://www.queenalice.com/game.php?id=1001262"]
[Date "2011.10.24"]
[Round "1"]
[White "yvanalfieri"]
[Black "Hakkinen"]
[Result "0-1"]
[WhiteElo "1239"]
[BlackElo "1859"]

1. e4 e5 2. Nf3 Nc6 3. d4 exd4 4. Nxd4 Nge7 5. Nc3 g6 6. Be3 Bg7 7. Bc4 O-O 8.
O-O d6 9. Qd2 Ne5 10. Bb3 c5 11. Nde2 N7c6 12. Bd5 Bd7 13. Rad1 Qh4 14. Bg5 Qg4
15. f3 Qh5 16. Ng3 Nxf3+ 0-1